| 000 | 01007nac a22002771u 4500 | ||
|---|---|---|---|
| 010 | _a 96035837 | ||
| 020 | _a0521563305 (hardback) | ||
| 082 | 0 | 0 |
_a006.3 _bP386 |
| 090 |
_c2241 _d2241 |
||
| 100 | _a20080729 | ||
| 245 | 0 | 4 |
_aThe large, the small, and the human mind / _cRoger Penrose ... [et al.] ; edited by Malcolm Longair. |
| 260 |
_aCambridge ; _aNew York : _bCambridge University Press,1997 _c1997. |
||
| 300 |
_axviii, 185 p. : _bill. ; _c23 cm. |
||
| 504 | _aIncludes bibliographical references. | ||
| 600 | 1 | 0 | _aShimony, Abner. |
| 600 | 1 | 0 | _aCartwright, Nancy. |
| 650 | 0 | _aArtificial intelligence. | |
| 650 | 0 | _aThought and thinking. | |
| 650 | 0 |
_aPhysics _xPhilosophy. |
|
| 650 | 0 | _aGoÌ(del's theorem. | |
| 650 | 0 | _aQuantum theory. | |
| 700 | 1 | _aPenrose, Roger. | |
| 700 | 1 |
_aLongair, M. S., _d1941- |
|
| 942 |
_cBB _k006.3P386 |
||
| 999 |
_c2241 _d2241 |
||